1715 1926 1528 1762 1403 1883 1266 1503 1210 1366 1868 1678 1860 1651 1270 1683 1577 1508 1753 1991 1674 1734 1495 1380 1448 1500 1964 1069 1129 1539 1579 1385 1830 1260 1164 1739 1124 1779 1710 1326 1906 1474 1003 1692 1263 1533 1452 1998 1812 1865 1510 1815 1075 1254 1753 1944 1406 1527 1961 1543 1448 1066 1994 1181 1322 1782 1649 1466 1189 1510 1301 1600 1870 1117 1345 1054 1735 1694 1185 1534 1921 1339 1913 1293 1527 1044 1256 1536 1772 1957 1313 1911 1132 1777 1479 1826 1627 1970 1971 BCNSPRNW ULIB Ver.6.0+V

เปลี่ยนเป็นภาษาไทย

Change to English
 แสดงรายละเอียดบรรณานุกรม
  กลับหน้าหลัก

Brief Record : Get Marc (ISO 2709) : E-mail record : QR code < ปิดหน้าต่าง
LEADER : 00000nam 2200000uu 4500
001    13399122879
003     ULIB
008    131024s2013||||th 000 0 eng d
020    ^a9781605470283
060 10 ^aWY159^bK99
100 1  ^aKyle, Terri.
245 10 ^aEssentials of pediatric nursing /^cTerri Kyle, Susan Carman.
250    ^a2nd ed.
260    ^aPhiladelphia :^bWolters Kluwer/Lippincott Williams & Wilkins Health,^c2013.
300    ^a1 v. :^bill. (chiefly col.) ;^c29 cm.
504    ^aIncludes bibliographical references and index.
650 12 ^aPediatric Nursing.
700 1  ^aCarman, Susan.
945    ^p0^l0^i034097
999    ^aกมลทิพย์ ธนสารสุธี
รายการนี้ยังไม่มีแท็ก
คุณยังไม่ได้ล็อกอิน คุณสามารถมีกิจกรรมร่วมกับเว็บไซต์ได้ แต่ต้องล็อกอินก่อน ::
  ล็อกอิน

รายการสื่อสารสนเทศ

ลำดับที่ ประเภท เลขเรียก/บาร์โค้ด สถานที่ สถานะ
1. Book การพยาบาล
Book การพยาบาล
WY159 K99  
  Barcode: 034097
ห้องสมุดวิทยาเขตสวรรค์ประชารักษ์
►หนังสือทั่วไป
บนชั้น

รายการใกล้เคียง
    หัวเรื่อง [Pediatric Nursing.]

BibComment


ยังไม่เคยถูกคอมเมนท์

คอมเมนท์ทรัพยากรรายการนี้
  คอมเมนท์: Essentials of pe..


 Copyright 2026. Bcnsprnw @Library